| 000 | 01984nam0a2200397 4500 | ||
|---|---|---|---|
| 001 | RU\NLR\BIBL_A\022686007 | ||
| 005 | 20260304124039.0 | ||
| 010 |
_a978-5-17-178290-0 _92000 |
||
| 021 |
_aRU _bКН-П-25-065925 _9КН-П-25-6380 |
||
| 035 | _a(NLR Aleph) 022686007 | ||
| 090 |
_a13555979 _c13555979 |
||
| 100 | _a20251211d2025 k y0rusy50 ca | ||
| 101 | 1 |
_arus _cger |
|
| 102 | _aRU | ||
| 105 | _ay z 000yy | ||
| 181 | 0 |
_ai _b xxe |
|
| 182 | 0 | _an | |
| 200 | 1 |
_aДуша человека _e[сборник] _fЭрих Фромм _gперевод с немецкого В. Закса |
|
| 203 |
_aТекст _bвизуальный _cнепосредственный |
||
| 210 |
_aМосква _cАСТ _d2025 |
||
| 215 |
_a221, [2] с. _d19 |
||
| 225 | 1 | _aСерия "Эксклюзивная классика" | |
| 225 | 1 | _aКниги, изменившие мир. Писатели, объединившие поколения | |
| 320 | _aБиблиогр. в подстроч. примеч. | ||
| 320 | _aДругие кн. авт. в тексте предисл. | ||
| 327 | 1 | _aСодерж.: 1. Человек – волк или овца? ; 2. Различные формы насилия ; 3. Любовь к мертвому и любовь к живому ; 4. Индивидуальный и общественный нарциссизм ; 5. Инцестуальные связи ; 6. Свобода. Детерминизм. Альтернативность | |
| 333 | _a16+ | ||
| 606 | 1 |
_aНеофрейдизм _yСоединенные Штаты Америки _92202474 _3RU\NLR\AUTH\661323434 |
|
| 606 | 1 |
_aЛичность и общество _xПсихоанализ _91534026 _3RU\NLR\AUTH\66668300 |
|
| 686 | 1 | _aЮ91(7США)6-736.5 | |
| 686 | 1 | _aЮ3(7США)6-674-0 | |
| 700 | 1 |
_7ca _8rus _aФромм _bЭ. _f1900-1980 _gЭрих _9155 _3RU\NLR\AUTH\7717063 |
|
| 942 | _cBOOK | ||
| 980 | _aNB | ||